[Event "Barcelona Sant Marti op-B 14th"]
[Site "Barcelona"]
[Date "2012.07.14"]
[Round "2"]
[White "Esteban Lupianez, Jose Miguel"]
[Black "Pariente Lopez, Eduard"]
[Result "0-1"]
[WhiteElo "1807"]
[BlackElo "1954"]
[PlyCount "61"]
[EventDate "2012.07.13"]
[EventType "swiss"]
[EventRounds "9"]
[EventCountry "ESP"]
[SourceTitle "CBM 149 Extra"]
[Source "ChessBase"]
[SourceDate "2012.08.24"]
[SourceVersion "1"]
[SourceVersionDate "2012.08.24"]
[SourceQuality "1"]

1. e4 e6 2. d4 d5 3. e5 c5 4. c3 Nc6 5. Bb5 Bd7 6. Bxc6 Bxc6 7. Ne2 Ne7 8. Nd2 Nf5 9. Nf3 Be7 10. 0-0 0-0 11. Ng3 Nxg3 12. fxg3 Rc8 13. h4 h6 14. Nh2 f5 15. Nf3 Qe8 16. Bf4 Qh5 17. Nd2 Qf7 18. Nb3 cxd4 19. cxd4 Ba4 20. Qf3 Bxb3 21. Qxb3 Bd8 22. Be3 Bb6 23. a4 Rc4 24. Rfd1 Qc7 25. Rac1 Rc8 26. Qb5 Bxd4 27. Rxd4 Rxc1+ 28. Bxc1 Qxc1+ 29. Kh2 Qe1 30. Qd7 Rc1 31. g4 0-1